Southville International School and Colleges
Your cart is empty.
  • Cart
  • Lists
    Public lists Eva Luna New books Lux_list list_1
    Your lists Log in to create your own lists
  • Log in to your account
  • Your cookies
  • Search history
Southville International School and Colleges
  • Advanced search
  • Recent comments
  • Most popular
  • Libraries

Log in to your account

Log in with GOOGLE


If you do not have an external account, but do have a local account, you can still log in:

  1. Home
  2. MARC view: Tales of horror /
Normal view MARC view ISBD view

Tales of horror / (Record no. 367763)

[ view plain ]
MARC details
000 -LEADER
fixed length control field 00687nam a22002297a 4500
003 - CONTROL NUMBER IDENTIFIER
control field 0
005 - DATE AND TIME OF LATEST TRANSACTION
control field 20250903130528.0
008 - FIXED-LENGTH DATA ELEMENTS--GENERAL INFORMATION
fixed length control field 250903b xxu||||| |||| 00| 0 eng d
020 ## - INTERNATIONAL STANDARD BOOK NUMBER
International Standard Book Number 978-184749-609-6
050 ## - LIBRARY OF CONGRESS CALL NUMBER
Classification number PS 2612
Item number .P743 2023
100 ## - MAIN ENTRY--PERSONAL NAME
Personal name Poe, Edgar Allan,
Relator term author.
245 ## - TITLE STATEMENT
Title Tales of horror /
Statement of responsibility, etc Edgar Allan Poe.
260 ## - PUBLICATION, DISTRIBUTION, ETC. (IMPRINT)
Place of publication, distribution, etc London, United Kingdom :
Name of publisher, distributor, etc Alma Classics,
Date of publication, distribution, etc 2023.
300 ## - PHYSICAL DESCRIPTION
Extent 311 pages :
Dimensions 20 cm.
500 ## - GENERAL NOTE
General note Includes notes on the text.
650 ## - SUBJECT ADDED ENTRY--TOPICAL TERM
Topical term or geographic name as entry element Horror tales, American.
650 ## - SUBJECT ADDED ENTRY--TOPICAL TERM
Topical term or geographic name as entry element Gothic fiction.
650 ## - SUBJECT ADDED ENTRY--TOPICAL TERM
Topical term or geographic name as entry element Supernatural
Form subdivision Fiction.
650 ## - SUBJECT ADDED ENTRY--TOPICAL TERM
Topical term or geographic name as entry element Psychological fiction, American.
650 ## - SUBJECT ADDED ENTRY--TOPICAL TERM
Topical term or geographic name as entry element Short stories, American.
942 ## - ADDED ENTRY ELEMENTS (KOHA)
Source of classification or shelving scheme Library of Congress Classification
Koha item type Books
Holdings
Withdrawn status Lost status Source of classification or shelving scheme Damaged status Home library Current library Shelving location Date acquired Source of acquisition Sub Shelving location Total Checkouts Full call number Barcode Date last seen Date checked out Price effective from Koha item type
    Library of Congress Classification   Luxembourg Library Luxembourg Library Classic Section 11/19/2024 Library Fund   1 PS 2612 .P743 2023 21455 11/19/2025 11/19/2025 09/03/2025 Books

Tales of horror /

APA

Poe E. A., . (2023). Tales of horror. London, United Kingdom: Alma Classics.

Chicago

Poe Edgar Allan, . 2023. Tales of horror. London, United Kingdom: Alma Classics.

Harvard

Poe E. A., . (2023). Tales of horror. London, United Kingdom: Alma Classics.

MLA

Poe Edgar Allan, . Tales of horror. London, United Kingdom: Alma Classics. 2023.

  • Place hold
  • Print
  • Cite
  • Add to your cart (remove)
  • Save record
    BIBTEX Dublin Core MARCXML MARC (non-Unicode/MARC-8) MARC (Unicode/UTF-8) MARC (Unicode/UTF-8, Standard) MODS (XML) RIS
  • More searches
    Search for this title in:
    Other Libraries (WorldCat) Other Databases (Google Scholar) Online Stores (Bookfinder.com) Open Library (openlibrary.org)

Exporting to Dublin Core...

SOUTHVILLE LIBRARY

Southville International School and Colleges Library

1281 Tropical Ave. Cor. Luxembourg St., BF Homes International, Las Pinas City

Tel. No. 8256374 / 252358 Loc. 117/146

Powered by Koha